| 000 | 00826nam a2200193 4500 | ||
|---|---|---|---|
| 001 | 165552 | ||
| 003 | ES-MaACL | ||
| 005 | 20230906213148.0 | ||
| 008 | 950405s1865 sp f |||| | spa d | ||
| 040 |
_aEUS _bspa _cEUS |
||
| 100 | 1 |
_aSonnet, Hyppolyte. _9132817 |
|
| 245 | 1 | 0 |
_aElementos de geometría analítica con arreglo al programa de adminisón en las escuelas politécnica y normal superior / _cpor H. Sonnet, G. Frontera ; traducidos al castellano de la última edición francesa por Manuel María Barbery. |
| 260 |
_aMadrid : _bCarlos Bailly-Bailliere, _c1865. |
||
| 300 | _a582 p., [2] h. pleg. de lám. | ||
| 700 | 1 | 1 |
_aFrontera, G., _ecoaut. _952740 |
| 700 | 1 | 1 |
_aBarbery, Manuel María, _etrad. _9125800 |
| 852 |
_aES-MaACL _jF-5284 _z-- Enc. hol. _z-- Dedic. ms. de E. Hugo al Ateneo |
||
| 999 |
_c165552 _d165552 |
||